Famous Bills in Sixty Seconds Quiz Stats

 Plays Quiz Updated Feb 8, 2019

Support Sporcle.
Go Orange.
Score 0/10 Timer 01:00
5 Plays Today
Hint Bill % Correct
Microsoft founderBill Gates
97.9%
42nd president of the United StatesBill Clinton
94.6%
Star of 'Stripes' and 'Groundhog Day'Bill Murray
90.7%
'The Science Guy'Bill Nye
85.6%
First 10 amendments of the US ConstitutionBill of Rights
83.7%
They had an excellent adventureBill and Ted
79.7%
Comedian who created 'Fat Albert'Bill Cosby
77.4%
Host of 'Real Time With ___ ____'Bill Maher
59.6%
Co-starred with Hanks and Bacon in 'Apollo 13'Bill Paxton
41.8%
Made the famous 'Independence Day' speechBill Pullman
39.5%

From the Vault

4 People, 1 Thing in Common II

by babymonkee

History 5m
You know, besides the fact that they're all people.
Remove Ads.
Support Sporcle.
Get the best of Sporcle when you Go Orange. This ad-free experience offers more features, more stats, and more fun while also helping to support Sporcle. Thank you for becoming a member.

Show Comments

Extras

Top Quizzes Today


Score Distribution

Your Account Isn't Verified!

In order to create a playlist on Sporcle, you need to verify the email address you used during registration. Go to your Sporcle Settings to finish the process.

Report this User

Report this user for behavior that violates our Community Guidelines.

Details: